000 00506nam a2200193Ia 4500
008 240510s9999 xx 000 0 und d
020 _a0000080341039
041 _aEng
082 _a004.21
082 _bR51
100 _aROCK - EVANS, Rosemary
245 0 _aAnalysis within the systems development life cycle : 4 activity analysis - the methods
260 _bBerkshire : Pergamon Infotech
260 _c1987
300 _a380 p.
650 _aSystems analysis
942 _2ddc
942 _cLBK
999 _c24587
_d24587
945 _a1
_bMadushi Gamage
_c1
_dMadushi Gamage